<?xml version="1.0" encoding="UTF-8"?><?xml-stylesheet type="text/xsl" href="static/style.xsl"?><OAI-PMH xmlns="http://www.openarchives.org/OAI/2.0/" xmlns:xsi="http://www.w3.org/2001/XMLSchema-instance" xsi:schemaLocation="http://www.openarchives.org/OAI/2.0/ http://www.openarchives.org/OAI/2.0/OAI-PMH.xsd"><responseDate>2026-04-17T05:27:10Z</responseDate><request verb="GetRecord" identifier="oai:www.recercat.cat:2117/342311" metadataPrefix="marc">https://recercat.cat/oai/request</request><GetRecord><record><header><identifier>oai:recercat.cat:2117/342311</identifier><datestamp>2025-07-17T11:39:04Z</datestamp><setSpec>com_2072_1033</setSpec><setSpec>col_2072_452950</setSpec></header><metadata><record xmlns="http://www.loc.gov/MARC21/slim" xmlns:dcterms="http://purl.org/dc/terms/" xmlns:xsi="http://www.w3.org/2001/XMLSchema-instance" xmlns:doc="http://www.lyncode.com/xoai" xsi:schemaLocation="http://www.loc.gov/MARC21/slim http://www.loc.gov/standards/marcxml/schema/MARC21slim.xsd">
   <leader>00925njm 22002777a 4500</leader>
   <datafield ind2=" " ind1=" " tag="042">
      <subfield code="a">dc</subfield>
   </datafield>
   <datafield ind2=" " ind1=" " tag="720">
      <subfield code="a">Marzoa Domínguez, Antonio</subfield>
      <subfield code="e">author</subfield>
   </datafield>
   <datafield ind2=" " ind1=" " tag="260">
      <subfield code="c">2020-09-01</subfield>
   </datafield>
   <datafield ind2=" " ind1=" " tag="520">
      <subfield code="a">Segundo premio de divulgación, categoria Fotón Emitido, del los IV Premios Fotón, convocats per l’Instituto de Óptica “Daza de Valdés” del CSIC, per una sèrie de quatre articles divulgatius sobre les aberracions òptiques en astronomia</subfield>
   </datafield>
   <datafield ind2=" " ind1=" " tag="520">
      <subfield code="a">Por su importancia en la observación astronómica, iniciamos una serie sobre aberraciones ópticas hablando de una de las más conocidas: la aberración esférica.&#xd;
&#xd;
Cuando se toma una imagen con un instrumento óptico, muchas veces se puede apreciar cómo esta presenta un cierto «deterioro» o deformación con respecto a la imagen que veíamos con nuestros propios ojos. Estas «imperfecciones» de la imagen reciben el nombre general de aberraciones ópticas, que normalmente se distinguen en dos principales familias: aberraciones cromáticas (las cuáles están ligadas al material del sistema óptico) y aberraciones monocromáticas o geométricas (las cuáles se vinculan con la forma de dicho sistema). De hecho, este segundo grupo se divide en dos subgrupos más: las aberraciones monocromáticas propiamente dichas (estas son la aberración esférica, coma y astigmatismo, que veremos en esta breve serie de artículos), que son las que deterioran la imagen, haciéndola confusa, y aquellas que deforman la imagen directamente (como ocurre con la curvatura de campo de Petzval y la distorsión).</subfield>
   </datafield>
   <datafield ind2=" " ind1=" " tag="520">
      <subfield code="a">Award-winning</subfield>
   </datafield>
   <datafield ind2=" " ind1=" " tag="520">
      <subfield code="a">Postprint (published version)</subfield>
   </datafield>
   <datafield tag="653" ind2=" " ind1=" ">
      <subfield code="a">Àrees temàtiques de la UPC::Física::Astronomia i astrofísica</subfield>
   </datafield>
   <datafield tag="653" ind2=" " ind1=" ">
      <subfield code="a">Aberration</subfield>
   </datafield>
   <datafield tag="653" ind2=" " ind1=" ">
      <subfield code="a">Observación astronómica</subfield>
   </datafield>
   <datafield tag="653" ind2=" " ind1=" ">
      <subfield code="a">Aberració (Astronomia)</subfield>
   </datafield>
   <datafield ind2="0" ind1="0" tag="245">
      <subfield code="a">Aberraciones ópticas I: la aberración esférica</subfield>
   </datafield>
</record></metadata></record></GetRecord></OAI-PMH>